MATERIA MEDICA PURA (Record no. 20403)
[ view plain ]
| 000 -LEADER | |
|---|---|
| fixed length control field | 00277nam a22001337a 4500 |
| 003 - CONTROL NUMBER IDENTIFIER | |
| control field | SGT |
| 082 ## - DEWEY DECIMAL CLASSIFICATION NUMBER | |
| Classification number | 615.1 |
| Item number | M16H |
| 100 ## - MAIN ENTRY--PERSONAL NAME | |
| Personal name | HAHNEMANN, SAMUAL |
| 245 ## - TITLE STATEMENT | |
| Title | MATERIA MEDICA PURA |
| 260 ## - PUBLICATION, DISTRIBUTION, ETC. (IMPRINT) | |
| Place of publication, distribution, etc | INDIA |
| Name of publisher, distributor, etc | B.JAIN |
| Year of Publication | 2016 |
| 300 ## - PAGE DESCRIPTION | |
| No. of Pages | 718 |
| 650 ## - SUBJECT ADDED ENTRY--TOPICAL TERM | |
| Topical term or geographic name as entry element | HOMEOPATHIC |
| 942 ## - ADDED ENTRY ELEMENTS (KOHA) | |
| Source of classification or shelving scheme | Dewey Decimal Classification |
| Koha item type | Books |
| Withdrawn status | Lost status | Source of classification or shelving scheme | Damaged status | Not for loan | Home library | Current library | Shelving location | Date acquired | Vendor Name | Cost, normal purchase price | Volume Information (Serial or Books or Non-Book Material) | SGTU | Bill Number | Total Checkouts | Full call number | Accession No. (Barcode) | Date last seen | Bill Date | Koha item type |
|---|---|---|---|---|---|---|---|---|---|---|---|---|---|---|---|---|---|---|---|
| Dewey Decimal Classification | Homeopathy Library | Homeopathy Library | Text Book | 29/07/2020 | AHUJA PUB | 699.00 | 1 | SGTU | 7135 | 615.1 M16H | FH1626 | 29/07/2020 | 09/08/2016 | Books | |||||
| Dewey Decimal Classification | Homeopathy Library | Homeopathy Library | Text Book | 29/07/2020 | AHUJA PUB | 699.00 | 1 | SGTU | 7135 | 615.1 M16H | FH1627 | 29/07/2020 | 09/08/2016 | Books | |||||
| Dewey Decimal Classification | Homeopathy Library | Homeopathy Library | Text Book | 29/07/2020 | AHUJA PUB | 699.00 | 1 | SGTU | 7135 | 615.1 M16H | FH1628 | 29/07/2020 | 09/08/2016 | Books | |||||
| Dewey Decimal Classification | Homeopathy Library | Homeopathy Library | Text Book | 29/07/2020 | AHUJA PUB | 699.00 | 1 | SGTU | 7135 | 615.1 M16H | FH1629 | 29/07/2020 | 09/08/2016 | Books | |||||
| Dewey Decimal Classification | Homeopathy Library | Homeopathy Library | Text Book | 29/07/2020 | AHUJA PUB | 699.00 | 1 | SGTU | 7135 | 615.1 M16H | FH1630 | 29/07/2020 | 09/08/2016 | Books | |||||
| Dewey Decimal Classification | Homeopathy Library | Homeopathy Library | Text Book | 29/07/2020 | AHUJA PUB | 699.00 | 1 | SGTU | 7135 | 615.1 M16H | FH1631 | 29/07/2020 | 09/08/2016 | Books |